02588naa a2200385Ia 4500003000400000005001700004008004100021040010500062050005100167099000900218100003800227245016200265264005800427300005700485336002600542337002800568338002700596500009400623502014700717504005600864520044800920650004201368650005601410650004901466650004401515658012101559700002801680700002301708700002801731700002401759856015601783942006201939999001502001952018602016OSt20260304133910.0200107s2015 xx 000 0 und d bEnglishcFoundation University LibraryaFoundation University LibrarydFoundation University Library a(CBA-BAMM) LG 221 D35 B87bA5 B87 M37 2015 A51 a1117 aAmante, Jan Vincent92103eauthor10aConsumer buying behavior of Dumagueteños toward Branded Medicines /cby Jan Vincent Amante, Elvie Enjerto, Ian Lebanan, Catherine Merced, and Stephen Pael. aDumaguete CitybFoundation Uiniversity, c2015.42015 a52 leaves :bill. (col.) ;c28 cm3volumefresources 3rdacontentatextbtxt 3rdamediaaunmediatedbn 3rdacarrieravolumebnc aA study analyzing consumer behavior of Dumaguete City residents toward branded medicines. aUndergraduate feasibility study (Business Administration major in Marketing Management Bachelor of Science in) — Foundation University, 2015 aIncludes bibliographical references and appendices. aAbstract It was the obiective of this study that we may determine the buying behavior of Dumagueteños towards Branded Medicines. The researchers selected the respondents with age groups from 18 and above as the target respondents. The survey questionnaires serve as the primary data gathering instrument for the respondents to answer. The distribution of the questionnaires handed to the people of the different barangays in Dumaguete City. aConsumer behavior92104xPhilippines. aBrand name productsxMarketingxPhilippines.915127 aPharmaceutical industryxPhilippines.915128 aMarketing researchxPhilippines.915129 aProject Feasibility Study :bBusiness Administration major in Marketing Management Bachelor of Science in ;cFSB310.1 aEnjerto, Elvie T.921051 aLebanan, Ian921061 aMerced, Catherine921071 aPael, Stephen92108 3Consumer buying behavior of Dumagueteños toward Branded Medicinesuhttps://drive.google.com/file/d/15t_iIGK-y6-DqgjhMzw2ejM9oK2cPQCh/view?usp=sharing 2lcccFShLG 221 D35 B87iA5 B87 M37 2015 A51k(CBA-BAMM)  c1117d1117 00102lcc4070aFOUNDATIONbFOUNDATIONcMAIN-UGThed2017-10-09eDonatedo(CBA-BAMM) LG 221 D35 B87 A5 B87 M37 2015 A51p60875r2022-02-23 00:00:00w2022-02-23yFSkCBA-BAMM-2026010